[Event "Just a friendly tournament"]
[Site "SchemingMind.com"]
[Date "2007.04.02"]
[Round "-"]
[White "toguints"]
[Black "mart_r3000"]
[Result "0-1"]
[WhiteCountry "PHI"]
[BlackCountry "ENG"]
[WhiteElo "1268"]
[WhiteRD "57"]
[BlackElo "1357"]
[BlackRD "58"]
[GameID "99435"]

1. d4 d5 2. Nf3 Nc6 3. e3 Nf6 4. Bb5 a6 5. Bxc6+ bxc6 6. O-O Ne4 7. Nbd2 g6 8. b3 e6 9. Nxe4 dxe4 10. Nd2 f5
11. Nc4 Bg7
0-1

[Event "Just a friendly tournament"]
[Site "SchemingMind.com"]
[Date "2007.04.03"]
[Round "-"]
[White "mart_r3000"]
[Black "toguints"]
[Result "1-0"]
[WhiteCountry "ENG"]
[BlackCountry "PHI"]
[WhiteElo "1357"]
[WhiteRD "58"]
[BlackElo "1268"]
[BlackRD "57"]
[GameID "99436"]

1. e4 e5 2. d4 exd4 3. Nf3 Nc6 4. Bb5 Nge7 5. O-O a6 6. Ba4 b5 7. Bb3 Bb7 8. c3 dxc3 9. Nxc3 Na5 10. Bxf7+ Kxf7
11. Ng5+ Ke8 12. Qf3
1-0

[Event "Just a friendly tournament"]
[Site "SchemingMind.com"]
[Date "2007.04.02"]
[Round "-"]
[White "Tahur"]
[Black "toguints"]
[Result "1-0"]
[WhiteCountry "ARG"]
[BlackCountry "PHI"]
[WhiteElo "1530"]
[WhiteRD "58"]
[BlackElo "1268"]
[BlackRD "57"]
[GameID "99449"]

1. e4 Nf6 2. e5 Nd5 3. Nf3 g6 4. Bc4 Nb6 5. d3 Bg7 6. Nc3 Nxc4 7. dxc4 Nc6 8. h3 Nxe5 9. Nxe5 Bxe5 10. Ne4 e6
11. Qf3 f5 12. Bg5 fxe4 13. Qg4 Bf6 14. Bxf6 Qxf6 15. c3
1-0

[Event "Just a friendly tournament"]
[Site "SchemingMind.com"]
[Date "2007.04.02"]
[Round "-"]
[White "Tahur"]
[Black "mart_r3000"]
[Result "1-0"]
[WhiteCountry "ARG"]
[BlackCountry "ENG"]
[WhiteElo "1465"]
[WhiteRD "60"]
[BlackElo "1335"]
[BlackRD "54"]
[GameID "99450"]

1. e4 e5 2. Nf3 Nc6 3. Nc3 Bb4 4. a3 Bc5 5. Bb5 Nf6 6. Bxc6 bxc6 7. Nxe5 Bb7 8. d3 O-O 9. h3 Re8 10. Nf3 d5
11. Bg5 dxe4 12. dxe4 Qe7 13. Bxf6 Qxf6 14. O-O Rad8 15. Qe2 Rd6 16. e5 Rxe5 17. Nxe5 h6 18. Ng4 Qf5 19. Qe4 Bc8 20. Qxf5 Bxf5
21. Rac1 Kh7 22. Na4 Bd4 23. c3 Bd3 24. Rfd1 c5 25. Rxd3 h5 26. Ne3 g6 27. cxd4 cxd4 28. Nc4 Rd8 29. Rcd1 c5 30. Nxc5 Rd5
31. b4
1-0

[Event "Just a friendly tournament"]
[Site "SchemingMind.com"]
[Date "2007.04.02"]
[Round "-"]
[White "toguints"]
[Black "Tahur"]
[Result "0-1"]
[WhiteCountry "PHI"]
[BlackCountry "ARG"]
[WhiteElo "1268"]
[WhiteRD "57"]
[BlackElo "1530"]
[BlackRD "58"]
[GameID "99451"]

1. c4 e5 2. d4 exd4 3. Nf3 Nc6 4. Nxd4 Nxd4 5. Qxd4 Nf6 6. Bg5 Be7 7. e4 h6 8. Bh4 d6 9. Nc3 O-O 10. Be2 c5
11. Qd1 Qb6 12. Na4 Qb4+ 13. Nc3 Qxb2
0-1

[Event "Just a friendly tournament"]
[Site "SchemingMind.com"]
[Date "2007.04.02"]
[Round "-"]
[White "mart_r3000"]
[Black "Tahur"]
[Result "0-1"]
[WhiteCountry "ENG"]
[BlackCountry "ARG"]
[WhiteElo "1335"]
[WhiteRD "54"]
[BlackElo "1465"]
[BlackRD "60"]
[GameID "99452"]

1. e4 e5 2. d4 exd4 3. Nf3 Nc6 4. Bd3 Nf6 5. O-O h6 6. e5 Nd5 7. Bc4 Nb6 8. Bb5 a6 9. Bxc6 dxc6 10. Re1 Bc5
11. e6 fxe6 12. Ne5 Qf6 13. Qh5+ g6 14. Nxg6 Rg8 15. Nf4+ Qf7 16. Qxc5 Nd7 17. Qxd4 e5 18. Nc3 Kd8 19. Rxe5 c5 20. Qd3 b5
21. Ne6+ Ke7 22. Nd5+ Ke8 23. Ndxc7+ Ke7 24. Qd5 Nxe5 25. Qxe5 Bxe6 26. Bf4 Qg6 27. g3 Rac8 28. Qd6+ Kf7 29. Re1 Rgd8 30. Qxe6+ Qxe6
31. Nxe6 Re8 32. Re5 Rxe6 33. Rh5 Kg7 34. g4 c4 35. c3 Rd8 36. g5 hxg5 37. Rxg5+ Rg6 38. h4 Rxg5+ 39. Bxg5 Re8 40. Kg2 Re2
41. h5 Rxb2 42. Kg3 Rxa2 43. f4 Rc2 44. f5 Rxc3+ 45. Kf4 Rh3 46. f6+ Kh7 47. Kg4 Rh1 48. Kf5 Rxh5 49. Ke6 Rxg5 50. Ke7 Rf5
0-1

[Event "Just a friendly tournament"]
[Site "SchemingMind.com"]
[Date "2007.04.06"]
[Round "-"]
[White "Bacon"]
[Black "mart_r3000"]
[Result "0-1"]
[WhiteCountry "BER"]
[BlackCountry "ENG"]
[WhiteElo "1080"]
[WhiteRD "90"]
[BlackElo "1335"]
[BlackRD "54"]
[GameID "99989"]

1. e4 e5 2. d4 d6 3. Nf3 f5 4. dxe5 fxe4 5. Bg5 Qd7 6. Bf4 d5 7. Ng5 Bb4+ 8. c3 Ba5 9. b4 Bb6 10. Na3 a6
11. e6 Qc6 12. Nf7 Qxc3+ 13. Bd2 Qxa3 14. Nxh8 Nf6 15. Nf7 Bxe6 16. Ng5 Bg4 17. Qb3 Qxb3 18. axb3 Nc6 19. h3 Nd4 20. hxg4 Nc2+
21. Kd1 Nxa1 22. Be2 Bxf2 23. Be3 Bxe3 24. Re1 c5 25. Ne6 Rc8 26. b5 a5 27. Nxg7+ Kd7 28. Rf1 Ke7 29. Nf5+ Ke6 30. Nxe3 Nxb3
31. g5 Nd7 32. Kc2 a4 33. Kb2 c4 34. Ng4 c3+ 35. Kc2 Nd4+ 36. Kc1 c2 37. Ne3 a3 38. Bg4+ Kd6 39. Rd1 Nb3#
0-1

[Event "Just a friendly tournament"]
[Site "SchemingMind.com"]
[Date "2007.04.07"]
[Round "-"]
[White "Bacon"]
[Black "Tahur"]
[Result "0-1"]
[WhiteCountry "BER"]
[BlackCountry "ARG"]
[WhiteElo "1080"]
[WhiteRD "90"]
[BlackElo "1465"]
[BlackRD "60"]
[GameID "99990"]

1. e4 e5 2. d4 exd4 3. Qxd4 Nc6 4. Qd5 Nf6 5. Qb3 a6 6. Bc4 Qe7 7. Nc3 b5 8. Be2 Nxe4 9. Bf4 d6 10. Nxe4 Qxe4
11. g3 Qxh1 12. O-O-O Qxh2 13. Qf3 Bb7 14. g4 Qh4 15. g5 h6 16. Nh3 Nd8 17. Rd4 Bxf3 18. Bxf3 Qxh3 19. Bxa8 Ne6 20. b3 Nxd4
21. c3 Ne2+ 22. Kb2 Nxf4 23. Bb7 hxg5 24. Bxa6 Qf1 25. c4 Rh3 26. Bxb5+ Kd8 27. Ka3 d5+ 28. Ka4 dxc4 29. Bxc4 Qxf2 30. Bxf7 c6
31. a3 Qa7#
0-1

[Event "Just a friendly tournament"]
[Site "SchemingMind.com"]
[Date "2007.04.06"]
[Round "-"]
[White "mart_r3000"]
[Black "Bacon"]
[Result "1-0"]
[WhiteCountry "ENG"]
[BlackCountry "BER"]
[WhiteElo "1335"]
[WhiteRD "54"]
[BlackElo "1080"]
[BlackRD "90"]
[GameID "99992"]

1. e4 e5 2. Nf3 d5 3. Nxe5 dxe4 4. Nc3 f5 5. Bc4 Qd4 6. Nf7 Qxc4 7. Nxh8 Qe6 8. O-O Nh6 9. Qh5+ g6 10. Qe2 Nc6
11. Nb5 Qe7 12. Qc4 Bg7 13. d3 Bxh8 14. Bxh6 Ne5 15. Qg8+ Kd7 16. Qxh8 a6 17. Nc3 Ng4 18. Qd4+ Qd6 19. Ne2 Nxh6 20. Qg7+ Nf7
21. Qxf7+ Qe7 22. Qd5+ Qd6 23. Qa5 b6 24. Qd2 c5 25. Rad1 c4 26. Qc3 cxd3 27. cxd3 Bb7 28. Qg7+ Kc6 29. Rc1+ Kb5 30. Qc3 Qb4
31. Qe5+ Ka4 32. Nc3+ Qxc3 33. Rxc3 b5 34. b4 Kxb4 35. Rb1+ Ka4 36. Ra3+ Kxa3 37. Qb2+ Ka4 38. Qb4#
1-0

[Event "Just a friendly tournament"]
[Site "SchemingMind.com"]
[Date "2007.04.07"]
[Round "-"]
[White "Tahur"]
[Black "Bacon"]
[Result "1-0"]
[WhiteCountry "ARG"]
[BlackCountry "BER"]
[WhiteElo "1465"]
[WhiteRD "60"]
[BlackElo "1080"]
[BlackRD "90"]
[GameID "99993"]

1. e4 d5 2. exd5 Qxd5 3. Nc3 Qd4 4. Nf3 Qc5 5. a3 Nc6 6. Bb5 a6 7. Bxc6+ bxc6 8. d3 Nf6 9. d4 Qc4 10. Bd2 c5
11. dxc5 Qxc5 12. O-O Bf5 13. b4 Qc6 14. Nd4 g6 15. Nxc6 Bd7 16. Ne5 h5 17. Qf3 Bf5 18. Qxa8+ Bc8 19. Qxc8#
1-0

[Event "Just a friendly tournament"]
[Site "SchemingMind.com"]
[Date "2007.04.06"]
[Round "-"]
[White "loulou19"]
[Black "mart_r3000"]
[Result "0-1"]
[WhiteCountry "GBR"]
[BlackCountry "ENG"]
[WhiteElo "1461"]
[WhiteRD "71"]
[BlackElo "1335"]
[BlackRD "54"]
[GameID "100012"]

1. e4 e5 2. Bc4 Nf6 3. d3 Nc6 4. Nc3 Bc5 5. Nf3 O-O 6. Bg5 d6 7. Nd5 h6 8. Bxf6 gxf6 9. O-O f5 10. h3 fxe4
11. dxe4 Nd4 12. Nxd4 exd4 13. Qf3 Be6 14. Nf6+ Kh8 15. b3 Qe7 16. Qf4 Kg7 17. Qg4+ Bxg4 18. Nxg4 Qxe4 19. Bd3 Qe7 20. Rfe1 Qd7
21. a4 Bb4 22. Red1 h5 23. Nh2 Rfe8 24. Bb5 c6 25. Be2 Rxe2 26. Rxd4 Bc3
0-1

[Event "Just a friendly tournament"]
[Site "SchemingMind.com"]
[Date "2007.04.07"]
[Round "-"]
[White "loulou19"]
[Black "Tahur"]
[Result "0-1"]
[WhiteCountry "GBR"]
[BlackCountry "ARG"]
[WhiteElo "1461"]
[WhiteRD "71"]
[BlackElo "1465"]
[BlackRD "60"]
[GameID "100013"]

1. e4 e5 2. Nf3 Nc6 3. Bc4 h6 4. d4 d6 5. dxe5 dxe5 6. Bd2 Nf6 7. O-O Nxe4 8. Re1 Nxd2 9. Nbxd2 Bd6 10. a4 O-O
11. c3 Bg4 12. h3 Bxf3 13. Nxf3 Re8 14. Qb3 Qf6 15. Qxb7 Na5 16. Qb5 Nxc4 17. Qxc4 Rab8 18. b4 Rbc8 19. Qb5 c6 20. Qa5 Re7
21. c4 c5 22. b5 e4 23. Nd2 Ra8 24. b6 Be5 25. Rab1 Bc3 26. Red1 Bxa5 27. Nxe4 Rxe4 28. b7 Rb8 29. Rd5 Rxc4 30. Rb5 Bc7
31. g3 Qc6
0-1

[Event "Just a friendly tournament"]
[Site "SchemingMind.com"]
[Date "2007.04.06"]
[Round "-"]
[White "loulou19"]
[Black "Bacon"]
[Result "1-0"]
[WhiteCountry "GBR"]
[BlackCountry "BER"]
[WhiteElo "1461"]
[WhiteRD "71"]
[BlackElo "1080"]
[BlackRD "90"]
[GameID "100014"]

1. e4 e5 2. Nf3 d5 3. exd5 Qxd5 4. Nc3 Qc5 5. d4 exd4 6. Nxd4 Qe5+ 7. Be3 Bc5 8. Nf3 Bxe3 9. fxe3 Qxe3+ 10. Qe2 Qxe2+
11. Nxe2 Bf5 12. Ned4 g6 13. O-O-O Nd7 14. Nb5 c6 15. Nc7+ Ke7 16. Nxa8 Ngf6 17. Nc7 Rd8 18. Bc4 Nb6 19. Rhe1+ Ne4 20. Bd3 Nd5
21. Nxd5+ Rxd5 22. h3 Kf6 23. g4 Nf2 24. Rd2 Bxd3 25. g5+ Kf5 26. Rxf2 Rc5 27. Ne5+ Kxg5 28. Nxd3 Ra5 29. a3 Kh4 30. Re4+ Kh5
31. Ne5 Kh6 32. Rh4+ Kg7 33. Rxf7+ Kg8 34. Re7 g5 35. Rh5 Kf8 36. Rhxh7
1-0

[Event "Just a friendly tournament"]
[Site "SchemingMind.com"]
[Date "2007.04.06"]
[Round "-"]
[White "mart_r3000"]
[Black "loulou19"]
[Result "0-1"]
[WhiteCountry "ENG"]
[BlackCountry "GBR"]
[WhiteElo "1335"]
[WhiteRD "54"]
[BlackElo "1461"]
[BlackRD "71"]
[GameID "100016"]

1. e4 e5 2. d4 exd4 3. Nf3 Nc6 4. Bb5 a6 5. Bxc6 dxc6 6. Nxd4 Nf6 7. O-O Bd6 8. Re1 O-O 9. e5 Bxe5 10. Rxe5 Ng4
11. Rg5 h6 12. Rh5 Qf6 13. f3 Ne5 14. f4 Ng4 15. f5 c5 16. Qxg4 cxd4 17. Bf4 d3 18. c3 Kh8 19. Nd2 Rg8 20. Ne4 Qb6+
21. Kh1 Bd7 22. b3 Rae8 23. Nd2 Qc6 24. c4 Qf6 25. Rf1 Bc6 26. h3 b5 27. Rf3 Bxf3 28. Qxf3 Re1+ 29. Kh2 Qd4 30. f6 Qxf6
31. Qf2 Rge8 32. Nf3 R8e2 33. Nxe1 Rxf2 34. Nxd3 Rxa2 35. Rxh6+ gxh6 36. Be5 Qxe5+ 37. Nxe5 Kg7 38. Kg3 bxc4 39. Nxc4 a5 40. Ne3 Rb2
41. Kf4 Rxb3 42. g4 a4 43. h4 a3 44. Nf5+ Kh7 45. g5 hxg5+ 46. Kxg5 a2 47. Nd4 a1=Q 48. Nxb3 Qe5+ 49. Kg4 Qe6+
0-1

[Event "Just a friendly tournament"]
[Site "SchemingMind.com"]
[Date "2007.04.07"]
[Round "-"]
[White "Tahur"]
[Black "loulou19"]
[Result "0-1"]
[WhiteCountry "ARG"]
[BlackCountry "GBR"]
[WhiteElo "1465"]
[WhiteRD "60"]
[BlackElo "1461"]
[BlackRD "71"]
[GameID "100017"]

1. e4 e5 2. Nf3 Nc6 3. Nc3 Nf6 4. Bb5 Bb4 5. Bxc6 Bxc3 6. dxc3 bxc6 7. Nxe5 O-O 8. f3 Re8 9. Nd3 h6 10. O-O d6
11. c4 Ba6 12. b3 d5 13. cxd5 cxd5 14. e5 Nd7 15. Re1 Bxd3 16. Qxd3 Nxe5 17. Qd2 Qf6 18. Qxd5 Nxf3+ 19. gxf3 Qxa1 20. Rxe8+ Rxe8
21. Qd1 Qxa2 22. Bf4 Qa5 23. Bd2 Qc5+ 24. Kg2 Re6 25. b4 Rg6+ 26. Kh1 Qf2 27. Be1 Qg2#
0-1

[Event "Just a friendly tournament"]
[Site "SchemingMind.com"]
[Date "2007.04.06"]
[Round "-"]
[White "Bacon"]
[Black "loulou19"]
[Result "0-1"]
[WhiteCountry "BER"]
[BlackCountry "GBR"]
[WhiteElo "1080"]
[WhiteRD "90"]
[BlackElo "1461"]
[BlackRD "71"]
[GameID "100018"]

1. e4 e5 2. d4 Bb4+ 3. c3 Ba5 4. b4 Bb6 5. dxe5 Qh4 6. g3 Qxe4+ 7. Qe2 Qxh1 8. Nf3 d6 9. Nbd2 Bg4 10. a4 a5
11. b5 Nd7 12. exd6+ Kd8 13. Qc4 Bxf3 14. Qxf7 Ngf6 15. Qe7+ Kc8 16. Qxg7 Re8+ 17. Ne4 Rxe4+ 18. Kd2 Qxf1 19. Bb2 Qe2+ 20. Kc1 Qd1#
0-1

[Event "Just a friendly tournament"]
[Site "SchemingMind.com"]
[Date "2007.04.06"]
[Round "-"]
[White "Sjakkie"]
[Black "mart_r3000"]
[Result "0-1"]
[WhiteCountry "NED"]
[BlackCountry "ENG"]
[WhiteElo "1331"]
[WhiteRD "73"]
[BlackElo "1335"]
[BlackRD "54"]
[GameID "100049"]

1. e4 e5 2. Nf3 d6 3. d3 Nc6 4. h3 Nf6 5. Nc3 Nd4 6. Nxd4 exd4 7. Na4 Bd7 8. c3 c5 9. Be2 Qa5 10. b3 O-O-O
11. Bd2 Qc7 12. c4 Bc6 13. O-O b6 14. Bf4 Qe7 15. Nb2 Nxe4 16. Rc1 Nc3 17. Qd2 Nxe2+ 18. Kh1 Nxc1 19. Qxc1 d5 20. Re1 Qh4
21. f3 h6 22. a3 g5 23. Be5 Re8 24. g3 Qh5 25. Kh2 Rh7 26. g4 Qh4 27. Bg3 Bd6 28. f4 Qxg3+ 29. Kxg3 Bxf4+ 30. Qxf4 gxf4+
31. Kf2 dxc4 32. bxc4 f6 33. Rg1 Rhe7 34. a4 Re2+
0-1

[Event "Just a friendly tournament"]
[Site "SchemingMind.com"]
[Date "2007.04.07"]
[Round "-"]
[White "Sjakkie"]
[Black "Tahur"]
[Result "0-1"]
[WhiteCountry "NED"]
[BlackCountry "ARG"]
[WhiteElo "1333"]
[WhiteRD "77"]
[BlackElo "1529"]
[BlackRD "57"]
[GameID "100050"]

1. e4 e5 2. Nf3 Nc6 3. d3 Nf6 4. h3 Bc5 5. Be3 Bxe3 6. fxe3 d6 7. Be2 d5 8. O-O dxe4 9. Ng5 exd3 10. cxd3 h6
11. Nxf7 Kxf7 12. Bh5+ g6 13. Be2 h5 14. Nc3 Bf5 15. e4 Be6 16. Qd2 a6 17. Qg5 Qe7 18. Rf3 Nd4 19. Nd5 Nxf3+ 20. Bxf3 Nxd5
21. Qd2 Nf4 22. b3 Rad8 23. Rc1 Nxd3 24. Rc3 Nb4 25. Qf2 Nd3 26. Qf1 Qb4 27. Rxc7+ Kf6 28. Bg4+ Nf4 29. Be2 Qb6+ 30. Kh1 Qxc7
31. Kh2 Kg7 32. Qf2 Rd2 33. Qe3 Rxe2 34. Qf3 Bg4 35. hxg4 hxg4+
0-1

[Event "Just a friendly tournament"]
[Site "SchemingMind.com"]
[Date "2007.04.06"]
[Round "-"]
[White "Sjakkie"]
[Black "Bacon"]
[Result "1-0"]
[WhiteCountry "NED"]
[BlackCountry "BER"]
[WhiteElo "1331"]
[WhiteRD "73"]
[BlackElo "1080"]
[BlackRD "90"]
[GameID "100051"]

1. e4 e5 2. Nf3 Nf6 3. d3 Nc6 4. h3 d5 5. Nc3 d4 6. Nb5 a6 7. Na3 Bxa3 8. bxa3 O-O 9. Be2 Be6 10. O-O Qd6
11. Bd2 Rad8 12. Qb1 Qxa3 13. Nxe5 Nxe5 14. Bb4 Qa4 15. Bxf8 Kxf8 16. Bd1 Nfd7 17. f4 Nc6 18. c3 Qa3 19. c4 g6 20. f5 gxf5
21. exf5 Bd5 22. cxd5 Nb4 23. Bf3 Nxd3 24. Be4 N7e5 25. Qxb7 Qd6 26. Rad1 f6 27. Bxd3 Kg7 28. Be4 Nc4 29. Rxd4 Ne3 30. Rc1 Kh6
31. Rd3 Qf4 32. Re1 Qxe4 33. Rdxe3 Qxf5 34. Qxc7 Rxd5 35. Rg3 Rd2 36. Rf1 Qd5 37. Rxf6+ Kh5 38. Qxh7#
1-0

[Event "Just a friendly tournament"]
[Site "SchemingMind.com"]
[Date "2007.04.06"]
[Round "-"]
[White "Sjakkie"]
[Black "loulou19"]
[Result "0-1"]
[WhiteCountry "NED"]
[BlackCountry "GBR"]
[WhiteElo "1331"]
[WhiteRD "73"]
[BlackElo "1461"]
[BlackRD "71"]
[GameID "100052"]

1. e4 e5 2. Nf3 Nc6 3. d3 Nf6 4. h3 Bc5 5. Be3 d6 6. Be2 O-O 7. O-O Be6 8. Ng5 Qe7 9. a3 h6 10. Nxe6 Qxe6
11. b4 Bxe3 12. fxe3 a5 13. b5 Na7 14. a4 Nc8 15. Nc3 c6 16. bxc6 bxc6 17. Rb1 d5 18. exd5 cxd5 19. Bf3 Ne7 20. Rb5 d4
21. exd4 exd4 22. Re1 Qd6 23. Ne4 Nxe4 24. Rxe4 Rab8 25. Rxa5 Ng6 26. Re1 Qc7 27. Rd5 Rfd8 28. Rf5 Rb4 29. Qd2 Rxa4 30. Bh5 Qc8
31. Qf2 Ra7 32. Bg4 Qc7 33. Bh5 Qd7 34. Bxg6 fxg6 35. Rf4 g5 36. Rfe4 Rf8 37. Qd2 Raa8 38. Qb4 Rf5 39. Rxd4 Qa7 40. Kh1 Kh8
41. Qb3 Qxd4 42. Qb7 Raf8 43. Re4 Rf1+ 44. Kh2 Qd6+ 45. g3 R8f2#
0-1

[Event "Just a friendly tournament"]
[Site "SchemingMind.com"]
[Date "2007.04.06"]
[Round "-"]
[White "mart_r3000"]
[Black "Sjakkie"]
[Result "1-0"]
[WhiteCountry "ENG"]
[BlackCountry "NED"]
[WhiteElo "1335"]
[WhiteRD "54"]
[BlackElo "1331"]
[BlackRD "73"]
[GameID "100054"]

1. e4 e5 2. d4 d5 3. Nf3 Nc6 4. Bb5 f6 5. dxe5 Qe7 6. exd5 Qb4+ 7. Nbd2 Qxb5 8. c4 Qc5 9. exf6 Nxf6 10. O-O Qd6
11. Re1+ Be7 12. Ne4 Nxe4 13. Rxe4 O-O 14. Ng5 Na5 15. Qh5 Bxg5 16. Bxg5 Rf5 17. Rae1 Bd7 18. R1e3 h6 19. f4 hxg5 20. Rh3 Qh6
21. Qxh6 Rf6 22. Qh8+ Kf7 23. Qxa8 Bxh3 24. Qe8#
1-0

[Event "Just a friendly tournament"]
[Site "SchemingMind.com"]
[Date "2007.04.07"]
[Round "-"]
[White "Tahur"]
[Black "Sjakkie"]
[Result "1-0"]
[WhiteCountry "ARG"]
[BlackCountry "NED"]
[WhiteElo "1465"]
[WhiteRD "60"]
[BlackElo "1331"]
[BlackRD "73"]
[GameID "100055"]

1. e4 e5 2. Nf3 d6 3. Bc4 Nf6 4. Ng5 Be6 5. Bxe6 Qe7 6. Bxf7+ Kd8 7. Bc4 d5 8. exd5 h6 9. Ne6+ Kc8 10. Nxf8 Rxf8
11. b3 Qd7 12. h3 c6 13. dxc6 Qxc6 14. O-O Nbd7 15. d3 Kb8 16. Nc3 a6 17. d4 e4 18. d5 Qd6 19. g3 Nc5 20. Bf4 Qxf4
21. gxf4 Nfd7 22. b4 Rxf4 23. bxc5 Nxc5 24. Qd4 b6 25. Qe5+ Kb7 26. Qxf4 b5 27. Rab1 Kb6 28. Qd6+ Ka5 29. Qc7#
1-0

[Event "Just a friendly tournament"]
[Site "SchemingMind.com"]
[Date "2007.04.06"]
[Round "-"]
[White "Bacon"]
[Black "Sjakkie"]
[Result "0-1"]
[WhiteCountry "BER"]
[BlackCountry "NED"]
[WhiteElo "1080"]
[WhiteRD "90"]
[BlackElo "1331"]
[BlackRD "73"]
[GameID "100056"]

1. e4 e5 2. d4 d5 3. Nf3 f6 4. Nc3 Bb4 5. dxe5 dxe4 6. a3 Bxc3+ 7. bxc3 exf3 8. Qxf3 Qe7 9. Bc4 Qxe5+ 10. Qe3 Qxe3+
11. fxe3 Bf5 12. Bd3 Be6 13. O-O Ne7 14. Rb1 b6 15. h3 O-O 16. c4 Rd8 17. Bd2 Nbc6 18. g4 Ng6 19. e4 Nh4 20. Bf4 Rdc8
21. Kh2 Nd4 22. Kg3 Nhf3 23. c3 Rd8 24. Bxc7 Rd7 25. Bf4 Ng5 26. h4 Nf7 27. g5 fxg5 28. hxg5 Nc6 29. Rh1 Rxd3+ 30. Kf2 Rxc3
31. Rb5 Nd4 32. Rb2 Bg4 33. Rg1 Rf3+ 34. Kg2 Rxf4 35. Kg3 Rxe4 36. Rd2 Ne5 37. Rc1 Ne2+ 38. Kh4 Nxc1 39. Rc2 Bd1+ 40. Kg3 Bxc2
41. a4 Rf8 42. a5 Rf3+
0-1

[Event "Just a friendly tournament"]
[Site "SchemingMind.com"]
[Date "2007.04.06"]
[Round "-"]
[White "loulou19"]
[Black "Sjakkie"]
[Result "0-1"]
[WhiteCountry "GBR"]
[BlackCountry "NED"]
[WhiteElo "1461"]
[WhiteRD "71"]
[BlackElo "1331"]
[BlackRD "73"]
[GameID "100057"]

1. e4 e5 2. Nf3 d6 3. d4 f6 4. dxe5 fxe5 5. Bg5 Nf6 6. Nc3 h6 7. Bxf6 Qxf6 8. Bc4 Be6 9. Bxe6 Qxe6 10. Nb5 Qc4
11. Nc3 Be7 12. Qd3 Qb4 13. b3 O-O 14. O-O a6 15. Nd5 Qc5 16. Nxe7+ Kh7 17. Nh4 Nc6 18. Neg6 Rf6 19. Qg3 Qxc2 20. f3 Nd4
21. Rfc1 Ne2+ 22. Kf2 Nxc1+ 23. Ke3 Qc3+ 24. Kf2 Qxa1 25. Qg4 Qxa2+ 26. Kg3 Nd3 27. Nf5 Rxg6
0-1